000 00428nam a22001817a 4500
005 20250404104044.0
008 200320b xxu||||| |||| 00| 0 eng d
020 _a9788123906140
041 _aeng
082 _a615.19
100 _aVYAS,S.P
245 _aPHARMACEUTICAL BIOTECHNOLOGY
250 _a1'ST
260 _aNEW DELHI
_bCBS PUBLISHERS AND DISTRIBUTORS
300 _a674P.;VII
650 _aPHARMACY
942 _cBK
999 _c6179
_d6177